000 00373nam a22001337a 4500
008 230704b xxu||||| |||| 00| 0 eng d
020 _a9210480619
082 _a363.4
_bINC
110 _bUnited Nations
245 _a Narcotic drugs
_bEstimated World requirements for 1996Statistics for 1994
260 _aNew York
_bUnited Nations
_c1996
300 _a204p
942 _2ddc
_cBK
999 _c3903
_d3903